Normal view
MARC view
- Rajjan Shinghal
Entry Personal Name
001 - CONTROL NUMBER
- control field: 97537
003 - CONTROL NUMBER IDENTIFIER
- control field: NUST
005 - DATE AND TIME OF LATEST TRANSACTION
- control field: 20220817094544.0
008 - FIXED-LENGTH DATA ELEMENTS
- fixed length control field: 220817|| aca||aabn | a|a d
040 ## - CATALOGING SOURCE
- Original cataloging agency: NUST
- Transcribing agency: NUST
100 ## - HEADING--PERSONAL NAME
- Personal name: Rajjan Shinghal
670 ## - SOURCE DATA FOUND
- Source citation: Work cat.: (NUST): Rajjan Shinghal, Pattern Recognition/ , 2006
